Pays sur plusieurs fuseaux horaires - Statistiques

Statistiques générales
  • Ce quiz a été pris 164 fois
  • Le résultat moyen est 15 sur 23
Statistiques - réponses
nombre de fuseaux horaires pays % Correct
11 États-Unis
100%
11 Russie
99%
4 Brésil
98%
8 Australie
97%
6 Canada
97%
4 Mexique
88%
12 France
87%
3 Indonésie
81%
9 Royaume-Uni
77%
2 Espagne
70%
2 Mongolie
66%
2 République Démocratique Du Congo
66%
5 Danemark
63%
2 Afrique Du Sud
61%
5 Nouvelle Zélande
61%
2 Portugal
60%
2 Pays-Bas
56%
2 Chili
45%
2 Kazakhstan
45%
3 Kiribati
40%
2 Micronésie
37%
2 Papouasie Nouvelle Guinée
29%
2 Equateur
24%
Aucun quiz correspondant
Distribution des résultats
% des personnes avec chaque résultat
Percentile par nombre de réponses
Votre historique - résultats
Vous n’avez pas pris ce quiz